Complex variables for scientists and engineers / (Record no. 63977)

000 -LEADER
fixed length control field 01023pam a2200289 a 4500
001 - CONTROL NUMBER
control field 3872880
003 - CONTROL NUMBER IDENTIFIER
control field NUST - PNEC
005 - DATE AND TIME OF LATEST TRANSACTION
control field 20170116180829.0
008 - FIXED-LENGTH DATA ELEMENTS--GENERAL INFORMATION
fixed length control field 890523s1990 nyua b 001 0 eng
010 ## - LIBRARY OF CONGRESS CONTROL NUMBER
LC control number 89034950
020 ## - INTERNATIONAL STANDARD BOOK NUMBER
International Standard Book Number 0023905611
020 ## - INTERNATIONAL STANDARD BOOK NUMBER
International Standard Book Number 0029465095
040 ## - CATALOGING SOURCE
Original cataloging agency DLC
Transcribing agency LIBRARY
Modifying agency DLC
050 00 - LIBRARY OF CONGRESS CALL NUMBER
Classification number QA331.7
Item number .P34 1990
082 00 - DEWEY DECIMAL CLASSIFICATION NUMBER
Classification number 515.9 PAL
Edition number 20
100 1# - MAIN ENTRY--PERSONAL NAME
Personal name Paliouras, John D.
245 10 - TITLE STATEMENT
Title Complex variables for scientists and engineers /
Statement of responsibility, etc. John D. Paliouras, Douglas S. Meadows.
250 ## - EDITION STATEMENT
Edition statement 2nd ed.
260 ## - PUBLICATION, DISTRIBUTION, ETC.
Place of publication, distribution, etc. New York :
Name of publisher, distributor, etc. Macmillan Pub. Co. ;
Place of publication, distribution, etc. London :
Name of publisher, distributor, etc. Collier Macmillan,
Date of publication, distribution, etc. c1990.
300 ## - PHYSICAL DESCRIPTION
Extent xiii, 586 p. :
Other physical details ill. ;
Dimensions 25 cm.
504 ## - BIBLIOGRAPHY, ETC. NOTE
Bibliography, etc. note Includes bibliographical references (p. 555-556) and index.
650 #0 - SUBJECT ADDED ENTRY--TOPICAL TERM
Topical term or geographic name entry element Functions of complex variables.
General subdivision ME
700 1# - ADDED ENTRY--PERSONAL NAME
Personal name Meadows, Douglas S.
906 ## - LOCAL DATA ELEMENT F, LDF (RLIN)
a 7
b cbc
c orignew
d 1
e ocip
f 19
g y-gencatlg
942 ## - ADDED ENTRY ELEMENTS (KOHA)
Source of classification or shelving scheme
Koha item type Book
Holdings
Withdrawn status Lost status Source of classification or shelving scheme Damaged status Not for loan Permanent Location Current Location Shelving location Date acquired Total Checkouts Full call number Barcode Date last seen Price effective from Koha item type
          Pakistan Navy Engineering College (PNEC) Pakistan Navy Engineering College (PNEC)       515.9 PAL PNECLIB-019239 07/29/2015   Book
© 2023 Central Library, National University of Sciences and Technology. All Rights Reserved.